| 000 | 00500nam a2200181 a 4500 | ||
|---|---|---|---|
| 005 | 20250530161651.0 | ||
| 010 | _aENG-145078 | ||
| 020 |
_c299.00 _a9789386473684 |
||
| 035 | _aEN-128610 | ||
| 037 | _bDBAD | ||
| 082 | _aN | ||
| 100 |
_aDickens, Charles _981489 |
||
| 245 |
_aDavid Copperfield/ _cby Charles Dickens |
||
| 260 |
_aNew Delhi _bVistasta Publishing _c2019 |
||
| 270 |
_a2/15 Ansari Road, Daryaganj, _bNew Delhi _e110002 |
||
| 300 |
_a199p. _c22cm(pb) |
||
| 942 |
_2ddc _cEN _hN _mDIC |
||
| 999 |
_c211473 _d211473 |
||